Lịch sử triết học
Sách trình bày khái quát lịch sử phát triển của triết học Đông phương và Tây phương qua từng thời kỳ, với những trung tâm chính và những triết gia tiêu biểu
Gardado en:
| Autor Principal: | |
|---|---|
| Formato: | Libro |
| Idioma: | Undetermined |
| Publicado: |
Tp. HCM
Trẻ
1998
|
| Những chủ đề: | |
| Các nhãn: |
Engadir etiqueta
Sen Etiquetas, Sexa o primeiro en etiquetar este rexistro!
|
| Thư viện lưu trữ: | Trung tâm Học liệu Trường Đại học Cần Thơ |
|---|
| LEADER | 00763nam a2200181Ia 4500 | ||
|---|---|---|---|
| 001 | CTU_27942 | ||
| 008 | 210402s9999 xx 000 0 und d | ||
| 082 | |a 109 | ||
| 082 | |b S464/1 | ||
| 100 | |a Hà Thiên Sơn | ||
| 245 | 0 | |a Lịch sử triết học | |
| 245 | 0 | |c Hà Thiên Sơn | |
| 260 | |a Tp. HCM | ||
| 260 | |b Trẻ | ||
| 260 | |c 1998 | ||
| 520 | |a Sách trình bày khái quát lịch sử phát triển của triết học Đông phương và Tây phương qua từng thời kỳ, với những trung tâm chính và những triết gia tiêu biểu | ||
| 650 | |a philosophy - history,philosophy, ancient,philosophy, modern,philosophy, oriental | ||
| 980 | |a Trung tâm Học liệu Trường Đại học Cần Thơ | ||